00461 2200181 4500245006000000020002200060250001100082100002000093700001700113650001100130650001000141005001900151260004600170041001400216084001000230300003000240336000900270 aPedoman Transaksi Ekspor & ImporcDjauhari AhsjarhText a978-979-24-1951-1 aCet. 1 aDjauhari Ahsjar aTim Prestasi aEkspor aImpor a20230412093530 aJakartabPrestasi Pustaka Publisherc2007 aIndonesia a382.5 axiv, 266 hlm. :c20.5 cm. atext